Deutsche Bauhütte : (Titelsatznr. 38004)
[ MARC ]
| 000 -Satzkennung | |
|---|---|
| Kontrollfeld mit fester Länge | 00856nam a22002411c 4500 |
| 001 - Kontrollnummer | |
| Kontrollfeld | 9783835316768-nbs |
| 008 - Feld mit fester Länge zur physischen Beschreibung - Allgemeine Angaben | |
| Kontrollfeld mit fester Länge | 150126s2015 gw |||| 000u ger d |
| 020 ## - Internationale Standardbuchnummer | |
| Internationale Standardbuchnummer | 9783835316768 |
| Verknüpfung | 978-3-8353-1676-8 |
| 040 ## - Katalogisierungsquelle | |
| Übertragungsstelle | RU-10907106 |
| 003 - Kontrollnummer Identifier | |
| Kontrollfeld | RU-10907106 |
| 100 1# - Haupteintragung - Personenname | |
| Personenname | Rang, Florens Christian |
| 245 00 - Titel | |
| Titel | Deutsche Bauhütte : |
| Zusatz zum Titel | ein Wort an uns Deutsche über mögliche Gerechtigkeit gegen Belgien und Frankreich und zur Philosophie der Politik / |
| Verfasserangabe etc. | Rang, Florens Christian/Steiner, Uwe/Steiner, Uwe/Weber, Anne |
| 250 ## - Ausgabebezeichnung | |
| Ausgabebezeichnung | Reprint der Erstausgabe |
| 264 ## - Produktion, Veröffentlichung, Distribution, Herstellung und Urheberrechtsvermerk | |
| Herstellungs-, Veröffentlichungs- Vertriebs-, Erzeugungsort | Göttingen : |
| Produzent, Herausgeber, Distributor, Hersteller | Wallstein, |
| Datum der Herstellung, der Veröffentlichung, des Vertriebs oder des Urheberschutzvermerks | 2015 |
| 300 ## - Physische Beschreibung | |
| Umfang | XII, 224 S. |
| 650 #0 - Nebeneintragung unter einem Schlagwort - Sachschlagwort | |
| Sachschlagwort oder geografischer Name als Eintragungselement | Kriegsschuldfrage |
| 650 #0 - Nebeneintragung unter einem Schlagwort - Sachschlagwort | |
| Sachschlagwort oder geografischer Name als Eintragungselement | Politisches Denken |
| 651 #0 - Nebeneintragung unter einem Schlagwort - Geografischer Name | |
| Geografischer Name | Deutschland |
| 700 1# - Nebeneintragung - Personenname | |
| Personenname | Steiner, Uwe |
| Funktionsbezeichnung | VerfasserIn |
| 700 1# - Nebeneintragung - Personenname | |
| Personenname | Weber, Anne |
| Funktionsbezeichnung | VerfasserIn |
| 700 1# - Nebeneintragung - Personenname | |
| Personenname | Steiner, Uwe |
| Funktionsbezeichnung | HerausgeberIn |
| 942 ## - Zusätzliche Felder (Koha) | |
| Koha-Medientyp | Monographien |
| Ausgeschieden | Verloren | Klassifikation oder Aufstellungssystematik | Beschädigt | Nicht entleihbar | Heimatbibliothek | Aufenthaltsbibliothek | Aufstellungsort | Erwerbungsdatum | Inventarnummer | Signatur | Barcode | Letzte Aktivität | Preis gültig von | Koha-Medientyp |
|---|---|---|---|---|---|---|---|---|---|---|---|---|---|---|
| Andere/Generische Klassifikation | MWN Osteuropa | MWN Osteuropa | Lesesaal | 26/01/2015 | 15-00605 | G 40 bD Ran | E004015073CA267F | 23/04/2020 | 22/03/2021 | Monographien |